Cairo : (Record no. 2655)
[ view plain ]
| 000 -LEADER | |
|---|---|
| fixed length control field | 01280nac a22003371i 4500 |
| 003 - CONTROL NUMBER IDENTIFIER | |
| control field | EG-ScBUE |
| 005 - DATE AND TIME OF LATEST TRANSACTION | |
| control field | 20240227111351.0 |
| 008 - FIXED-LENGTH DATA ELEMENTS--GENERAL INFORMATION | |
| fixed length control field | 240227r20052004ua a f b 001 0 eng d |
| 020 ## - INTERNATIONAL STANDARD BOOK NUMBER | |
| International Standard Book Number | 9774248686 |
| 040 ## - CATALOGING SOURCE | |
| Original cataloging agency | EG-ScBUE |
| Language of cataloging | eng |
| Description conventions | rda |
| Transcribing agency | EG-ScBUE |
| Modifying agency | EG-ScBUE |
| 043 ## - GEOGRAPHIC AREA CODE | |
| Geographic area code | f-ua--- |
| 082 04 - DEWEY DECIMAL CLASSIFICATION NUMBER | |
| Classification number | 916.216045 |
| Item number | CAI |
| Edition number | 22 |
| 245 00 - TITLE STATEMENT | |
| Title | Cairo : |
| Remainder of title | the practical guide / |
| Statement of responsibility, etc | compiled and edited by Claire E. Francy ; in collaboration with Joshua Mortensen, [and three others] ; revised by Abigail Ulman. |
| 246 34 - VARYING FORM OF TITLE | |
| Title proper/short title | Cairo guide |
| 250 ## - EDITION STATEMENT | |
| Edition statement | Fourteenth edition. |
| 250 ## - EDITION STATEMENT | |
| Edition statement | Second printing. |
| 264 #1 - PUBLICATION, DISTRIBUTION, ETC. (IMPRINT) | |
| Place of publication, distribution, etc | Cairo ; |
| -- | New York : |
| Name of publisher, distributor, etc | The American University in Cairo Press, |
| Date of publication, distribution, etc | 2005. |
| 300 ## - PHYSICAL DESCRIPTION | |
| Extent | xxiv, 215 pages : |
| Other physical details | illustrations ; |
| Dimensions | 21 cm |
| 336 ## - CONTENT TYPE | |
| Source | rdacontent |
| Content type term | text |
| Content type code | txt |
| 337 ## - MEDIA TYPE | |
| Media type term | unmediated |
| Source | rdamedia |
| Media type code | n |
| 338 ## - CARRIER TYPE | |
| Carrier type term | volume |
| Carrier type code | nc |
| Source | rdacarrier |
| 500 ## - GENERAL NOTE | |
| General note | "Original 1975 edition edited by Deborah Cowley and Aleya Serour." --T.p. |
| 500 ## - GENERAL NOTE | |
| General note | "Dar el Kutub No. 7134/01"--T.p. verso. |
| 504 ## - BIBLIOGRAPHY, ETC. NOTE | |
| Bibliography, etc | Includes bibliographical references and index. |
| 651 #7 - SUBJECT ADDED ENTRY--GEOGRAPHIC NAME | |
| Geographic name | Cairo (Egypt) |
| Form subdivision | Guidebooks. |
| Source of heading or term | BUEsh |
| 655 ## - INDEX TERM--GENRE/FORM | |
| Form subdivision | Reading book |
| 700 1# - ADDED ENTRY--PERSONAL NAME | |
| Personal name | Francy, Claire E., |
| Relator term | compiler. |
| 700 1# - ADDED ENTRY--PERSONAL NAME | |
| Personal name | Mortensen, Joshua, |
| Relator term | contributer. |
| 700 1# - ADDED ENTRY--PERSONAL NAME | |
| Personal name | Ulman, Abigail, |
| Relator term | revisor. |
| 942 ## - ADDED ENTRY ELEMENTS (KOHA) | |
| Koha item type | Book - Borrowing |
| Source of classification or shelving scheme | Dewey Decimal Classification |
| Withdrawn status | Lost status | Source of classification or shelving scheme | Damaged status | Not for loan | Collection code | Home library | Current library | Shelving location | Date acquired | Source of acquisition | Total Checkouts | Total Renewals | Full call number | Barcode | Date last seen | Date checked out | Price effective from | Koha item type |
|---|---|---|---|---|---|---|---|---|---|---|---|---|---|---|---|---|---|---|
| Dewey Decimal Classification | Baccah | Central Library | Central Library | Second Floor | 27/02/2007 | Purchase | 2 | 1 | 916.216045 CAI | 000001797 | 15/07/2025 | 04/02/2010 | 27/02/2007 | Book - Borrowing | ||||
| Dewey Decimal Classification | Baccah | Central Library | Central Library | Second Floor | 27/02/2007 | Purchase | 916.216045 CAI | 000001793 | 15/07/2025 | 27/02/2007 | NB - Book (Non borrowing) |